000 00965nam0a22002771 4500
001 rc\2624569
005 20230504094043.0
035 _a(NLR Aleph) 006788163
090 _a6115588
_c6115588
100 _a20110914d1931 |||y0rusy50 ba
101 0 _arus
102 _aRU
105 _ay z |||||
200 1 _aDie welt ohne eisen
_e(Eine technologische phantasie)
_fA. Piesche
205 _a2-е изд.
210 _aМосква
_aЛенинград
_cГос. изд-во
_d1931
_eМосква
_g1-я Образцовая ти.
215 _a64 с.
_d17х12 см.
225 1 _aПопулярно-научная библиотека на немецком языке
300 _aНа обл. издатель: "Гос. учеб.-педагог. изд."
700 1 _aПише
_bА. Ю.
_f1880-
_gАнтон Юльевич
801 0 _aRU
_bNLR
_gpsbo
801 1 _aRU
_bELAR
_2rusmarc
852 _aNLR
_j31-8/3585
942 _cBOOK
980 _aNB